000 00316nam a22001337a 4500
008 170419b xxu||||| |||| 00| 0 eng d
020 _a9780805376739
041 _aeng
080 _27 ED
_a579
100 _a11
101 _aSHM
245 _aLABORATORY EXPERIMENT IN MICROBIOLOGY
_cJOHNSON.T.R
942 _2udc
_cBK
999 _c11173
_d11173